[Event "Berlin Lichtenberger op 18th"]
[Site "Berlin"]
[Date "2019.08.21"]
[Round "5"]
[White "Uhlenbrock, Sven"]
[Black "Stark, Steven"]
[Result "1/2-1/2"]
[WhiteElo "1652"]
[BlackElo "1443"]
[PlyCount "157"]
[EventDate "2019.08.17"]
[EventType "swiss"]
[EventRounds "9"]
[EventCountry "GER"]
[SourceTitle "EXT 2020"]
[Source "ChessBase"]
[SourceDate "2019.10.17"]
[SourceVersion "1"]
[SourceVersionDate "2019.10.17"]
[SourceQuality "1"]

1. d4 e6 2. Bf4 d6 3. e3 Be7 4. c4 Nf6 5. Nc3 0-0 6. h3 d5 7. Nf3 Bb4 8. a3 Bxc3+ 9. bxc3 Ne4 10. Qb3 Nc6 11. cxd5 exd5 12. Bd3 Na5 13. Qc2 Re8 14. 0-0 c6 15. Nd2 Nxd2 16. Qxd2 Nb3 17. Bxh7+ Kh8 18. Qd3 Nxa1 19. Rxa1 Qh4 20. Bf5 Be6 21. Rb1 b5 22. Bxe6 Rxe6 23. Qf5 Kg8 24. Be5 Qh7 25. Qxh7+ Kxh7 26. Kf1 Re7 27. Ke2 a6 28. Bd6 Re6 29. Be5 f6 30. Bc7 Kg6 31. Kd2 Rae8 32. Bb6 Kf7 33. h4 f5 34. g3 Kg6 35. Ke2 Kh5 36. Kf3 g5 37. hxg5 Kxg5 38. Rh1 Rh6 39. Rxh6 Kxh6 40. Kf4 Kg6 41. Bc5 Kf6 42. Bb4 Ke6 43. Bc5 Rh8 44. Bb4 Rh1 45. Bc5 Rb1 46. Bb4 Rb2 47. f3 Re2 48. Bc5 Rb2 49. Bb4 Rb3 50. g4 fxg4 51. Kxg4 Rb1 52. Kf4 Rg1 53. e4 Rg7 54. e5 Rg1 55. Bc5 a5 56. Bb6 b4 57. cxb4 a4 58. Bc5 Ra1 59. b5 cxb5 60. Ke3 Rb1 61. Kd2 Rb3 62. f4 Rf3 63. Kc2 Rxf4 64. Kc3 Rf3+ 65. Kb4 Rb3+ 66. Ka5 Kd7 67. Bb4 Kc6 68. Bc5 Rc3 69. e6 Rc4 70. e7 Kd7 71. Kxb5 Ke8 72. Kc6 Rc1 73. Kxd5 Kd7 74. Ke4 Rd1 75. Ke3 Rc1 76. Kd2 Rb1 77. Kc3 Rb7 78. Kc4 Rb8 79. Bb4 1/2-1/2

[Event "Berlin Lichtenberger op 16th"]
[Site "Berlin"]
[Date "2017.08.26"]
[Round "8"]
[White "Kluehs, Gustaf"]
[Black "Stark, Steven"]
[Result "1-0"]
[WhiteElo "1680"]
[BlackElo "1474"]
[PlyCount "57"]
[EventDate "2017.08.19"]
[EventType "swiss"]
[EventRounds "9"]
[EventCountry "GER"]
[SourceTitle "CBM 180 Extra"]
[Source "ChessBase"]
[SourceDate "2017.10.06"]
[SourceVersion "1"]
[SourceVersionDate "2017.10.06"]
[SourceQuality "1"]

1. Nf3 g6 2. g3 Bg7 3. Bg2 e6 4. 0-0 c6 5. e4 Qb6 6. c3 Na6 7. d4 d5 8. e5 Bd7 9. Qe2 Ne7 10. b4 0-0-0 11. Nbd2 h6 12. Nb3 Kb8 13. Re1 Rdf8 14. Nc5 Nxc5 15. bxc5 Qa5 16. Qc2 a6 17. Bd2 Qd8 18. Rab1 Bc8 19. Bf1 Ka8 20. Rb6 Ka7 21. Reb1 Qd7 22. Ne1 f6 23. exf6 Rxf6 24. Nd3 Nf5 25. Qa4 Rf7 26. Nb4 Nd6 27. Nxa6 bxa6 28. Bxa6 Bxa6 29. Qxa6# 1-0

[Event "Berlin Lichtenberger op 16th"]
[Site "Berlin"]
[Date "2017.08.21"]
[Round "3"]
[White "Stark, Steven"]
[Black "Kujawa, Werner"]
[Result "0-1"]
[WhiteElo "1474"]
[BlackElo "1756"]
[PlyCount "118"]
[EventDate "2017.08.19"]
[EventType "swiss"]
[EventRounds "9"]
[EventCountry "GER"]
[SourceTitle "CBM 180 Extra"]
[Source "ChessBase"]
[SourceDate "2017.10.06"]
[SourceVersion "1"]
[SourceVersionDate "2017.10.06"]
[SourceQuality "1"]

1. e4 g6 2. Nf3 Bg7 3. c3 c6 4. Be2 d5 5. exd5 Qxd5 6. 0-0 Nf6 7. d4 0-0 8. Nbd2 Bg4 9. c4 Qd8 10. Qb3 Qb6 11. Re1 Nbd7 12. Qxb6 axb6 13. h3 Bxf3 14. Bxf3 Rfe8 15. a3 e5 16. d5 e4 17. Bg4 Nxg4 18. hxg4 cxd5 19. cxd5 Nf6 20. Nc4 Nxd5 21. Nd6 Re6 22. Nb5 Ra5 23. a4 Re7 24. Rd1 Rd7 25. Ra3 Bf8 26. Ra1 Nf6 27. Rxd7 Nxd7 28. Bd2 Ra8 29. b3 Nc5 30. Rb1 Bg7 31. Be3 Rd8 32. Bxc5 bxc5 33. Rc1 b6 34. Kf1 Rd3 35. Rb1 f5 36. gxf5 gxf5 37. Na3 Be5 38. Nc4 Bc7 39. Ne3 f4 40. Nf5 Kf7 41. Ke2 Rd5 42. Rd1 Rxd1 43. Kxd1 Kf6 44. Nh6 Kg5 45. f3 exf3 46. gxf3 Kxh6 47. Kc2 Kg5 48. Kd3 Kf5 49. Kc4 Ke5 50. Kb5 Kd5 51. Ka6 Kc6 52. Ka7 h5 53. Ka6 h4 54. b4 cxb4 55. a5 bxa5 56. Ka7 a4 57. Ka6 a3 58. Ka7 a2 59. Ka6 a1R# 0-1

[Event "Berlin Lichtenberger op 16th"]
[Site "Berlin"]
[Date "2017.08.20"]
[Round "2"]
[White "Matthes, Aaron"]
[Black "Stark, Steven"]
[Result "1-0"]
[WhiteElo "1736"]
[BlackElo "1474"]
[PlyCount "99"]
[EventDate "2017.08.19"]
[EventType "swiss"]
[EventRounds "9"]
[EventCountry "GER"]
[SourceTitle "CBM 180 Extra"]
[Source "ChessBase"]
[SourceDate "2017.10.06"]
[SourceVersion "1"]
[SourceVersionDate "2017.10.06"]
[SourceQuality "1"]

1. e4 e5 2. Nf3 d6 3. Bc4 Be7 4. c3 Nf6 5. d3 0-0 6. h3 c6 7. 0-0 Nbd7 8. Re1 b5 9. Bb3 Nc5 10. Bc2 a5 11. Bg5 Ne8 12. Bxe7 Qxe7 13. d4 Nd7 14. Nbd2 Qf6 15. Nf1 Nc7 16. Ne3 h5 17. Qe2 Ba6 18. Qd2 Rfd8 19. Rad1 Nb6 20. Qc1 Bc8 21. dxe5 dxe5 22. Rxd8+ Qxd8 23. Nxe5 Qf6 24. Nd3 Qg5 25. f4 Qh6 26. Qd1 g6 27. Qf3 Ne6 28. Bb3 Ng7 29. Ne5 Be6 30. Nxc6 Bxb3 31. axb3 g5 32. Ne7+ Kf8 33. N7f5 Nxf5 34. Nxf5 Qg6 35. fxg5 Qxg5 36. Rf1 Rd8 37. Nd4 Qg6 38. Qf5 Qxf5 39. Rxf5 Rd6 40. Rxb5 a4 41. bxa4 Nxa4 42. Rb8+ Ke7 43. Nf5+ Ke6 44. Nxd6 Kxd6 45. Rb5 h4 46. c4 Kc6 47. Kf2 Nb6 48. Rxb6+ Kxb6 49. b3 f6 50. Kf3 1-0

[Event "Berlin Lichtenberger op 16th"]
[Site "Berlin"]
[Date "2017.08.19"]
[Round "1"]
[White "Stark, Steven"]
[Black "Schmidt, David"]
[Result "0-1"]
[WhiteElo "1474"]
[BlackElo "1917"]
[PlyCount "108"]
[EventDate "2017.08.19"]
[EventType "swiss"]
[EventRounds "9"]
[EventCountry "GER"]
[SourceTitle "CBM 180 Extra"]
[Source "ChessBase"]
[SourceDate "2017.10.06"]
[SourceVersion "1"]
[SourceVersionDate "2017.10.06"]
[SourceQuality "1"]

1. e4 c5 2. Nf3 d6 3. Be2 g6 4. 0-0 Nf6 5. d3 Nc6 6. c3 Bg7 7. Nbd2 0-0 8. Qc2 Bd7 9. a3 Rc8 10. Rb1 a5 11. Qd1 Nh5 12. Ne1 Nf4 13. Ndf3 Nxe2+ 14. Qxe2 f5 15. exf5 Bxf5 16. Ng5 e5 17. g4 Bd7 18. Ne4 Be6 19. Ng2 Ne7 20. Ng5 Bd7 21. f3 h6 22. Ne4 Be6 23. Bd2 Qd7 24. Be3 b6 25. b4 Nd5 26. Bd2 axb4 27. axb4 Nf4 28. Bxf4 exf4 29. bxc5 bxc5 30. Nh4 Kh7 31. Qc2 Qd8 32. Ng2 d5 33. Nf2 Qf6 34. Rb7 Rf7 35. Rxf7 Bxf7 36. Qd2 g5 37. c4 Qd4 38. Qc2 Rb8 39. Rb1 Ra8 40. h4 dxc4 41. Kh2 cxd3 42. Qxd3+ Qxd3 43. Nxd3 Bg6 44. Rd1 Rd8 45. Nf2 Rxd1 46. Nxd1 Bc2 47. Nf2 Bd4 48. Ne4 Bxe4 49. hxg5 hxg5 50. Ne1 Bb1 51. Kg2 c4 52. Kf1 c3 53. Ke2 c2 54. Nd3 Be3 0-1

[Event "Berlin Lichtenberger op 15th"]
[Site "Berlin"]
[Date "2016.08.15"]
[Round "3"]
[White "Stark, Steven"]
[Black "Ziems, Michael"]
[Result "0-1"]
[WhiteElo "1475"]
[BlackElo "1802"]
[PlyCount "183"]
[EventDate "2016.08.13"]
[EventType "swiss"]
[EventRounds "9"]
[EventCountry "GER"]
[SourceTitle "CBM 173 Extra"]
[Source "ChessBase"]
[SourceDate "2016.08.29"]
[SourceVersion "1"]
[SourceVersionDate "2016.08.29"]
[SourceQuality "1"]

1. e4 e6 2. Nf3 d5 3. e5 c5 4. Be2 Nc6 5. d4 Qb6 6. c3 f6 7. 0-0 Bd7 8. b3 Be7 9. Bf4 fxe5 10. Bxe5 Nf6 11. Bxf6 gxf6 12. a3 Rg8 13. b4 cxd4 14. cxd4 Rc8 15. Qd3 f5 16. Nbd2 Bf6 17. Nb3 Ke7 18. Rac1 Rg7 19. Kh1 Rcg8 20. Rg1 a6 21. Qc3 Rg4 22. Rcd1 Na7 23. Qc5+ Qxc5 24. Nxc5 Bc6 25. Ne5 Rh4 26. g3 Rh3 27. Bf1 Rh5 28. Nxc6+ Nxc6 29. Nxb7 Nxd4 30. Bg2 Nb5 31. Rd3 Rc8 32. Re1 d4 33. Bf3 Rh6 34. Nc5 e5 35. Bb7 Rb8 36. Bxa6 e4 37. Bxb5 Rxb5 38. f3 e3 39. Re2 Kd6 40. Nb3 Kd5 41. Rexe3 Kc4 42. Na5+ Rxa5 43. bxa5 dxe3 44. Rxe3 Bd4 45. Re8 Ra6 46. Re7 h6 47. Rh7 Kd3 48. Kg2 Be3 49. f4 Bd2 50. Rd7+ Ke3 51. Re7+ Kd3 52. Rh7 Bxa5 53. Rd7+ Ke4 54. Re7+ Kd4 55. Re5 Bd2 56. Rxf5 Bc1 57. a4 Bd2 58. Kf3 Re6 59. Rh5 Rf6 60. Re5 Bc3 61. Re4+ Kd5 62. Re7 Bd4 63. Rb7 Ra6 64. Rh7 Rf6 65. Kg4 Bg1 66. Kh3 Ke4 67. Kg2 Bd4 68. Re7+ Kf5 69. Kf3 Ra6 70. g4+ Kf6 71. Rc7 Rxa4 72. Rc6+ Kg7 73. f5 Be5 74. Rg6+ Kh7 75. h3 Rf4+ 76. Ke3 Ra4 77. Re6 Bf4+ 78. Kf3 Bg5 79. Rc6 Kg7 80. Rc3 Kf6 81. Rc6+ Kg7 82. Rg6+ Kh7 83. Rc6 Ra3+ 84. Ke4 Re3+ 85. Kd5 Rxh3 86. Ke6 Re3+ 87. Kf7 Re7+ 88. Kf8 Re4 89. Kf7 Rxg4 90. Rc8 Rf4 91. Ke6 Re4+ 92. Kd5 0-1

[Event "Berlin Lichtenberger op 13th"]
[Site "Berlin"]
[Date "2014.08.22"]
[Round "7"]
[White "Stark, Steven"]
[Black "Aizpurua Zufiria, Inaki"]
[Result "1/2-1/2"]
[WhiteElo "1502"]
[BlackElo "1545"]
[PlyCount "90"]
[EventDate "2014.08.16"]
[EventType "swiss"]
[EventRounds "9"]
[EventCountry "GER"]
[SourceTitle "CBM 161 Extra"]
[Source "ChessBase"]
[SourceDate "2014.08.29"]
[SourceVersion "1"]
[SourceVersionDate "2014.08.29"]
[SourceQuality "1"]

1. d4 d5 2. g3 Nf6 3. Bg2 c5 4. dxc5 Qa5+ 5. c3 Qxc5 6. Qd4 Qxd4 7. cxd4 Nc6 8. e3 Bf5 9. a3 Rc8 10. Nc3 e6 11. Nge2 Be7 12. 0-0 0-0 13. f3 h6 14. Bd2 a6 15. Rfe1 b5 16. b4 Nd7 17. Nf4 Nb6 18. Ra2 Nc4 19. Bc1 Bg5 20. h4 Bxf4 21. exf4 Nxd4 22. a4 Nc2 23. Rxc2 Bxc2 24. axb5 Nd6 25. Bb2 axb5 26. Bh3 Ba4 27. f5 Nxf5 28. Bxf5 exf5 29. Nxd5 Rcd8 30. Ne7+ Kh7 31. Nxf5 Rd1 32. Rxd1 Bxd1 33. Kf2 g6 34. Nd4 Ba4 35. Ne2 Bb3 36. Bf6 Re8 37. Bd4 Bc4 38. Nc3 h5 39. Ne4 Ra8 40. f4 Ra2+ 41. Kg1 Kg8 42. Nf6+ Kf8 43. Bc5+ Kg7 44. Ne8+ Kg8 45. Nf6+ Kg7 1/2-1/2

[Event "Berlin Lichtenberger op 13th"]
[Site "Berlin"]
[Date "2014.08.16"]
[Round "1"]
[White "Stark, Steven"]
[Black "Willich, Manfred"]
[Result "0-1"]
[WhiteElo "1502"]
[BlackElo "1961"]
[PlyCount "134"]
[EventDate "2014.08.16"]
[EventType "swiss"]
[EventRounds "9"]
[EventCountry "GER"]
[SourceTitle "CBM 161 Extra"]
[Source "ChessBase"]
[SourceDate "2014.08.29"]
[SourceVersion "1"]
[SourceVersionDate "2014.08.29"]
[SourceQuality "1"]

1. d4 Nf6 2. Nf3 e6 3. g3 b6 4. Bg2 Bb7 5. 0-0 c5 6. c3 Be7 7. Nbd2 0-0 8. a3 d6 9. Nh4 Bxg2 10. Nxg2 Nc6 11. e3 Qc7 12. Nb3 Rfe8 13. f3 d5 14. Qe2 Rad8 15. Bd2 c4 16. Nc1 e5 17. Qf2 Bd6 18. Ne2 h6 19. Nh4 Qd7 20. g4 e4 21. Nf5 Bf8 22. h3 exf3 23. Qxf3 Ne4 24. Be1 g6 25. Nfg3 Ng5 26. Qg2 Rxe3 27. Bd2 Re7 28. Bxg5 hxg5 29. Rae1 Rde8 30. Rf3 Re3 31. Qf2 Rxf3 32. Qxf3 Qe6 33. Kf2 Bd6 34. Nf1 b5 35. Kg2 a5 36. Nd2 Bf4 37. Nf1 Bc1 38. Nfg3 Bxb2 39. Rb1 Bxa3 40. Rxb5 Rd8 41. Rb1 Bd6 42. Rb6 Bc7 43. Rb7 Rd7 44. Rb1 a4 45. Ra1 Bxg3 46. Rxa4 Bc7 47. Ra6 Rd6 48. Ra2 Na5 49. Kf1 Qe7 50. Kg2 Nb3 51. Kh1 Kg7 52. Ra7 Rf6 53. Qg2 Qd6 54. Ra2 Rf1+ 55. Ng1 Rf6 56. Nf3 Qf4 57. Nh2 Qc1+ 58. Qg1 Bxh2 59. Qxc1 Nxc1 60. Rc2 Bf4 61. Kg2 Nd3 62. Ra2 Rb6 63. Kf3 Rb2 64. Rxb2 Nxb2 65. Ke2 Na4 66. Kd1 Nxc3+ 67. Kc2 Nb5 0-1

[Event "Berlin-ch QT"]
[Site "Berlin"]
[Date "2014.04.25"]
[Round "7"]
[White "Stark, Steven"]
[Black "Gebigke, Lena"]
[Result "0-1"]
[WhiteElo "1514"]
[BlackElo "1507"]
[PlyCount "78"]
[EventDate "2014.04.19"]
[EventType "swiss"]
[EventRounds "9"]
[EventCountry "GER"]
[SourceTitle "EXT 2022"]
[Source "ChessBase"]
[SourceDate "2021.10.06"]
[SourceVersion "1"]
[SourceVersionDate "2021.10.06"]
[SourceQuality "1"]

1. d4 Nf6 2. h3 e6 3. a3 d5 4. Nf3 c5 5. g3 Nc6 6. Bg2 cxd4 7. Nxd4 e5 8. Nxc6 bxc6 9. Nc3 Be7 10. 0-0 0-0 11. e3 Rb8 12. Na2 a5 13. c3 c5 14. Qc2 Be6 15. Bd2 Qc8 16. Nc1 Bxh3 17. f3 Bf5 18. e4 dxe4 19. fxe4 Bg6 20. Bg5 c4 21. Re1 Qg4 22. Bh4 Bc5+ 23. Kh2 Qh5 24. Rf1 Ng4+ 25. Kh1 Ne3 26. Qe2 Qxe2 27. Nxe2 Nxf1 28. Rxf1 Rxb2 29. Ng1 Bxa3 30. Nh3 Bc5 31. Ng5 h6 32. Nh3 a4 33. Rd1 a3 34. Rd5 Bb6 35. Be7 Ra8 36. g4 Rxg2 37. Rb5 Rb2 38. Rxb6 Bxe4+ 39. Kg1 Rxb6 0-1

[Event "Berlin Lichtenberger op 12th"]
[Site "Berlin"]
[Date "2013.08.19"]
[Round "3"]
[White "Stark, Steven"]
[Black "Becker, Uwe"]
[Result "0-1"]
[WhiteElo "1529"]
[BlackElo "1808"]
[PlyCount "134"]
[EventDate "2013.08.17"]
[EventType "swiss"]
[EventRounds "9"]
[EventCountry "GER"]
[SourceTitle "CBM 156 Extra"]
[Source "ChessBase"]
[SourceDate "2013.10.22"]
[SourceVersion "1"]
[SourceVersionDate "2013.10.22"]
[SourceQuality "1"]

1. d4 d6 2. c3 Bf5 3. Bd2 Nf6 4. h3 e6 5. Bg5 Be7 6. Bxf6 Bxf6 7. Qb3 Qc8 8. Nd2 d5 9. e3 0-0 10. Be2 h6 11. Ngf3 Nd7 12. g3 c5 13. Nh4 Bh7 14. Nhf3 c4 15. Qd1 b5 16. a3 a5 17. h4 Qc7 18. Rg1 Be7 19. Nh2 Bxh4 20. gxh4 Qxh2 21. Nf3 Qd6 22. Qd2 b4 23. a4 bxc3 24. bxc3 Kh8 25. e4 Bxe4 26. Ng5 Bf5 27. Nf3 Rab8 28. Bd1 Rb7 29. Ne5 Nxe5 30. dxe5 Qxe5+ 31. Qe3 Qxe3+ 32. fxe3 Rb2 33. Be2 Rfb8 34. Kf2 Bd3 35. Rge1 R8b3 36. Rac1 Rd2 37. Kf3 Bxe2+ 38. Rxe2 Rxe2 39. Kxe2 Ra3 40. e4 Rxa4 41. exd5 exd5 42. Ke3 Ra2 43. Rd1 Rh2 44. Rxd5 Rxh4 45. Rxa5 Rg4 46. Kf3 Rh4 47. Ke3 g5 48. Rd5 Kg7 49. Rd4 Rxd4 50. cxd4 Kf6 51. Ke4 Ke6 52. d5+ Kd6 53. Kd4 h5 54. Kxc4 f5 55. Kd4 h4 56. Ke3 Kxd5 57. Kf3 Kd4 58. Ke2 g4 59. Kf2 f4 60. Ke2 Ke4 61. Kf2 h3 62. Kf1 Kf3 63. Kg1 g3 64. Kh1 Kg4 65. Kg1 f3 66. Kh1 Kf4 67. Kg1 g2 0-1

[Event "Berlin Lichtenberger op 12th"]
[Site "Berlin"]
[Date "2013.08.17"]
[Round "1"]
[White "Stark, Steven"]
[Black "George, Tom"]
[Result "0-1"]
[WhiteElo "1529"]
[BlackElo "1901"]
[PlyCount "108"]
[EventDate "2013.08.17"]
[EventType "swiss"]
[EventRounds "9"]
[EventCountry "GER"]
[SourceTitle "CBM 156 Extra"]
[Source "ChessBase"]
[SourceDate "2013.10.22"]
[SourceVersion "1"]
[SourceVersionDate "2013.10.22"]
[SourceQuality "1"]

1. d4 Nf6 2. c3 b6 3. Nf3 Bb7 4. e3 e6 5. Nbd2 Be7 6. Be2 0-0 7. 0-0 d6 8. Qc2 Nbd7 9. Nc4 c5 10. b3 Rc8 11. Bb2 Qc7 12. Ne1 d5 13. Nd2 Bd6 14. g3 Ne4 15. Nxe4 dxe4 16. Qd2 cxd4 17. cxd4 Nf6 18. Rc1 Qe7 19. Ng2 Bb4 20. Qd1 a6 21. Kh1 Rfd8 22. Rxc8 Rxc8 23. Qb1 Nd5 24. Bc4 b5 25. Bxd5 Bxd5 26. Rc1 Rc7 27. Nf4 Bb7 28. Qa1 Bd6 29. Ne2 Qf6 30. Kg1 Qf3 31. Rxc7 Bxc7 32. Nc3 b4 33. Na4 Bd6 34. Nb6 h5 35. Nc4 Bb8 36. Nd2 Qg4 37. Nf1 h4 38. Nd2 hxg3 39. fxg3 Bxg3 40. Qf1 Be1+ 41. Qg2 Qxg2+ 42. Kxg2 Bxd2 43. Kf2 f5 44. a3 Bd5 45. axb4 Bxb4 46. Kg3 Bxb3 47. Kf4 a5 48. h3 a4 49. h4 a3 50. Bxa3 Bxa3 51. h5 Bc1 52. Ke5 Bxe3 53. d5 Bxd5 54. Kd6 f4 0-1

[Event "Berlin Lichtenberger op 11th"]
[Site "Berlin"]
[Date "2012.08.26"]
[Round "9"]
[White "Stark, Steven"]
[Black "Kramer, Ralf"]
[Result "0-1"]
[WhiteElo "1569"]
[BlackElo "1633"]
[PlyCount "106"]
[EventDate "2012.08.18"]
[EventType "swiss"]
[EventRounds "9"]
[EventCountry "GER"]
[SourceTitle "CBM 150 Extra"]
[Source "ChessBase"]
[SourceDate "2012.10.19"]
[SourceVersion "1"]
[SourceVersionDate "2012.10.19"]
[SourceQuality "1"]

1. d4 Nf6 2. Nc3 d5 3. e3 a6 4. Be2 Bf5 5. g4 Bg6 6. Nh3 h6 7. Nf4 Bh7 8. Rg1 e6 9. h3 Bb4 10. a3 Bxc3+ 11. bxc3 Ne4 12. Bb2 Qh4 13. Rg2 g5 14. Bf3 gxf4 15. Bxe4 Bxe4 16. Rh2 fxe3 17. Qe2 exf2+ 18. Qxf2 Qxf2+ 19. Rxf2 Nd7 20. 0-0-0 Rh7 21. Re1 Nb6 22. Ba1 Nc4 23. Bb2 a5 24. Kb1 Ra6 25. Ka2 b5 26. Ba1 Bg6 27. Rb1 Rb6 28. Bb2 Kd7 29. h4 h5 30. g5 Rh8 31. Rbf1 Ke7 32. Bc1 b4 33. cxb4 axb4 34. Rg1 Ra8 35. Rg3 Nd6 36. Rh2 Ne4 37. Rgh3 Rc6 38. Kb3 bxa3 39. Bxa3+ Kd7 40. c3 Nxc3 41. Rxc3 Rxa3+ 42. Kxa3 Rxc3+ 43. Kb4 Rc4+ 44. Kb5 Rxd4 45. Kc5 Rc4+ 46. Kb5 Bd3 47. Rd2 Bg6 48. Rh2 Kd6 49. Rh3 Ke5 50. Ka6 Kf4 51. Rh1 Kg3 52. Kb7 Kg2 53. Ra1 Rxh4 0-1

[Event "Berlin Lichtenberger op 11th"]
[Site "Berlin"]
[Date "2012.08.22"]
[Round "5"]
[White "Moeller, Dirk Halvard"]
[Black "Stark, Steven"]
[Result "1-0"]
[WhiteElo "1686"]
[BlackElo "1569"]
[PlyCount "143"]
[EventDate "2012.08.18"]
[EventType "swiss"]
[EventRounds "9"]
[EventCountry "GER"]
[SourceTitle "CBM 150 Extra"]
[Source "ChessBase"]
[SourceDate "2012.10.19"]
[SourceVersion "1"]
[SourceVersionDate "2012.10.19"]
[SourceQuality "1"]

1. e4 e6 2. d4 a6 3. f4 d5 4. e5 Nc6 5. Nf3 h6 6. Bd3 Be7 7. 0-0 g5 8. c3 g4 9. Ne1 h5 10. f5 Bf8 11. fxe6 Bxe6 12. Bf5 Qd7 13. Qc2 Nge7 14. Bxe6 fxe6 15. Nd3 b6 16. Bg5 Nf5 17. Nd2 Rg8 18. Bf4 0-0-0 19. a3 Na5 20. Nb4 Kb7 21. Qd3 Qb5 22. Qc2 c5 23. a4 Qd7 24. dxc5 Bxc5+ 25. Kh1 Rc8 26. Qd3 Ra8 27. Ne4 Be7 28. Nc2 Qc6 29. Nd2 h4 30. Nd4 Qd7 31. b4 Nc4 32. Nxc4 dxc4 33. Qxc4 Qd5 34. Qxd5+ exd5 35. Nxf5 Rae8 36. Nd6+ Bxd6 37. exd6 Rc8 38. Rac1 b5 39. a5 Kc6 40. Rfe1 Rgd8 41. Re7 Rd7 42. Rce1 Rf8 43. Bg5 h3 44. gxh3 gxh3 45. Rxd7 Kxd7 46. Be7 Rf3 47. Rc1 Rf4 48. Kg1 Rg4+ 49. Kh1 Rc4 50. Rc2 Rc8 51. Kg1 d4 52. Kf2 d3 53. Rd2 Rxc3 54. Ke3 Rb3 55. Rxd3 Rxb4 56. Kf3 Rc4 57. Bf6 Rc5 58. Kg4 b4 59. Kxh3 Rxa5 60. Kg4 Rb5 61. h4 a5 62. h5 a4 63. h6 b3 64. h7 Rb4+ 65. Kf5 a3 66. h8Q b2 67. Qd8+ Kc6 68. Qc7+ Kb5 69. Qb7+ Kc5 70. Qd5+ Kb6 71. Bd8+ Ka6 72. Qa5+ 1-0

[Event "Berlin-ch qualification"]
[Site "Berlin-Lichtenrade"]
[Date "2012.04.11"]
[Round "6.15"]
[White "Stark, Steven"]
[Black "Gebigke, Lena"]
[Result "1-0"]
[WhiteElo "1580"]
[BlackElo "1444"]
[PlyCount "167"]
[EventDate "2012.04.08"]
[EventType "swiss"]
[EventRounds "9"]
[EventCountry "GER"]
[SourceTitle "EXT 2022"]
[Source "ChessBase"]
[SourceDate "2021.10.06"]
[SourceVersion "1"]
[SourceVersionDate "2021.10.06"]
[SourceQuality "1"]

1. e4 c5 2. Nf3 Nc6 3. Be2 g6 4. Nc3 Bg7 5. 0-0 Nf6 6. d3 0-0 7. Nd2 d6 8. Nf3 Bd7 9. d4 cxd4 10. Nxd4 Nxd4 11. Qxd4 Bc6 12. Bf3 Ng4 13. Qd3 Ne5 14. Qe2 Rc8 15. Rd1 Nxf3+ 16. Qxf3 Bxc3 17. bxc3 Qa5 18. Bd2 Qa4 19. Rdc1 Qxe4 20. Qxe4 Bxe4 21. f3 Bf5 22. g4 Bd7 23. a4 Rc4 24. a5 Rfc8 25. Rcb1 Bc6 26. Kf2 d5 27. Ra3 a6 28. Re1 e6 29. h3 Bb5 30. Rb1 d4 31. Rbb3 e5 32. Kg3 R4c7 33. f4 e4 34. cxd4 Rxc2 35. Be3 f5 36. h4 Kf7 37. Bf2 Ke6 38. Be1 Kd5 39. Rc3 Kxd4 40. Rxc8 Rxc8 41. Ra1 e3 42. Ra3 e2 43. Bf2+ Kc4 44. Re3 Kb4 45. Be1+ Ka4 46. gxf5 gxf5 47. Re5 Bd3 48. Re7 Rc1 49. Kf2 Rc4 50. Kg3 Rc1 51. Kf2 Be4 52. h5 h6 53. Re6 Rc8 54. Rxh6 Rg8 55. Kxe2 Kb3 56. Rb6+ Kc2 57. h6 Rh8 58. Bh4 Rh7 59. Rd6 Kc3 60. Be1+ Kc4 61. Ke3 Kc5 62. Rb6 Bc6 63. Bb4+ Kd5 64. Bf8 Ke6 65. Kd4 Kf7 66. Bg7 Ke6 67. Rb1 Kd6 68. Rg1 Be4 69. Rg6+ Ke7 70. Kc5 Kd7 71. Kb6 Ke7 72. Rf6 Ke8 73. Kc7 Ke7 74. Kb6 Kd7 75. Kc5 Ke7 76. Kd4 Ke8 77. Ke3 Ke7 78. Kf2 Ke8 79. Kg3 b5 80. Rxa6 Kf7 81. Rb6 Ke7 82. Kh4 Kd7 83. Kg5 Kc7 84. Kg6 1-0

[Event "Berlin Lichtenberger op 10th"]
[Site "Berlin"]
[Date "2011.08.14"]
[Round "3"]
[White "Cerdan Herraez, Manuel Vicente"]
[Black "Stark, Steven"]
[Result "1/2-1/2"]
[WhiteElo "1861"]
[BlackElo "1594"]
[PlyCount "98"]
[EventDate "2011.08.13"]
[EventType "swiss"]
[EventRounds "9"]
[EventCountry "GER"]
[SourceTitle "CBM 143 Extra"]
[Source "ChessBase"]
[SourceDate "2011.08.29"]
[SourceVersion "1"]
[SourceVersionDate "2011.08.29"]
[SourceQuality "1"]

1. e4 a6 2. d4 e6 3. Nf3 d5 4. e5 Bd7 5. Bd3 Qe7 6. a3 c5 7. c3 c4 8. Bc2 h6 9. Be3 g5 10. h3 Nc6 11. Nbd2 f6 12. exf6 Qxf6 13. Qe2 Bd6 14. b3 b5 15. b4 a5 16. 0-0 a4 17. Rae1 0-0-0 18. Nh2 Bxh2+ 19. Kxh2 Nge7 20. f4 Nf5 21. fxg5 hxg5 22. Qg4 Rh4 23. Qxg5 Qh8 24. Rxf5 Rg8 25. Qf6 exf5 26. Qd6 Qg7 27. Re2 Qg6 28. Bf4 Qxd6 29. Bxd6 Rh6 30. Bf4 Re6 31. Rf2 Rge8 32. Bxf5 Re2 33. Bxd7+ Kxd7 34. Rf3 Re1 35. h4 Ne7 36. h5 Rh8 37. g4 Ng6 38. Bg5 Rh7 39. Kg3 Ne7 40. Nf1 Ra1 41. Ne3 Rxa3 42. Bxe7 Rxc3 43. Bc5 a3 44. Rf6 Rxe3+ 45. Kh4 a2 46. Ra6 Re2 47. Kg3 Rh8 48. Kf3 Rhe8 49. Ra7+ Kc6 1/2-1/2

[Event "Berlin Lichtenberger op 10th"]
[Site "Berlin"]
[Date "2011.08.13"]
[Round "1"]
[White "Stark, Steven"]
[Black "Horbach, Fabian"]
[Result "0-1"]
[WhiteElo "1594"]
[BlackElo "2022"]
[PlyCount "96"]
[EventDate "2011.08.13"]
[EventType "swiss"]
[EventRounds "9"]
[EventCountry "GER"]
[SourceTitle "CBM 143 Extra"]
[Source "ChessBase"]
[SourceDate "2011.08.29"]
[SourceVersion "1"]
[SourceVersionDate "2011.08.29"]
[SourceQuality "1"]

1. e4 c5 2. h3 Nc6 3. c3 Nf6 4. d3 d5 5. Bg5 dxe4 6. Bxf6 exf6 7. Qe2 Qxd3 8. Qxd3 exd3 9. Bxd3 Be6 10. Nf3 0-0-0 11. Bc2 Bd6 12. Nbd2 Rhe8 13. 0-0 h6 14. Ba4 Kc7 15. Ne4 Bd5 16. Nxd6 Rxd6 17. Rfe1 Rde6 18. Rxe6 Rxe6 19. Bb3 c4 20. Ba4 Bxf3 21. gxf3 Ne5 22. Kg2 a6 23. Rd1 Nd3 24. Rd2 b5 25. Bc2 Ne1+ 26. Kg3 Nxc2 27. Rxc2 Kc6 28. f4 f5 29. b3 Rd6 30. Kg2 Rd3 31. f3 f6 32. Kg3 g5 33. Re2 Kd6 34. Rc2 h5 35. bxc4 bxc4 36. Rb2 Kc5 37. Re2 g4 38. Kh4 Rxf3 39. Kxh5 Rxc3 40. Kg6 gxh3 41. Kxf6 Rg3 42. Re5+ Kd4 43. Rxf5 c3 44. Ra5 h2 45. Rh5 c2 46. Rxh2 c1Q 47. f5 Qg5+ 48. Ke6 Re3+ 0-1

[Event "Berlin Lichtenberger op 9th"]
[Site "Berlin"]
[Date "2010.08.09"]
[Round "3"]
[White "Stark, Steven"]
[Black "Oginski, Ulrich"]
[Result "0-1"]
[WhiteElo "1621"]
[BlackElo "1826"]
[PlyCount "124"]
[EventDate "2010.08.07"]
[EventType "swiss"]
[EventRounds "9"]
[EventCountry "GER"]
[SourceTitle "CBM 137 Extra"]
[Source "ChessBase"]
[SourceDate "2010.09.01"]
[SourceVersion "1"]
[SourceVersionDate "2010.09.01"]
[SourceQuality "1"]

1. e4 c6 2. Nf3 d5 3. exd5 cxd5 4. h3 Nc6 5. Bb5 Bd7 6. Bxc6 Bxc6 7. d4 Bb5 8. Nc3 Ba6 9. b4 Bc4 10. a3 Nf6 11. Ne5 Rc8 12. Nxc4 Rxc4 13. f3 Rxc3 14. Qd2 Qc7 15. Ra2 Qg3+ 16. Kd1 Rc4 17. c3 e6 18. Rc2 Be7 19. h4 Qc7 20. g4 Kd7 21. Qe2 Bd6 22. Qd3 Bf4 23. Bb2 Kc8 24. Re2 Kb8 25. Kc2 h5 26. g5 Ne8 27. Kb3 g6 28. Rg1 Nd6 29. Rxe6 fxe6 30. Qxg6 Qf7 31. Qd3 Qf5 32. Qe2 Qg6 33. Rg2 Nf5 34. Rg1 Nxh4 35. Bc1 Bxc1 36. Qe5+ Rc7 37. Qxh8+ Rc8 38. Qe5+ Ka8 39. Rxc1 Nxf3 40. Qe3 Qe4 41. Qxe4 Nd2+ 42. Kb2 Nxe4 43. g6 Kb8 44. Rf1 Rg8 45. Rg1 Rg7 46. Kc2 Kc7 47. Kd3 Nf2+ 48. Ke2 Ne4 49. Kd3 h4 50. c4 Ng3 51. Re1 Rxg6 52. cxd5 exd5 53. Re7+ Kc6 54. Rh7 Nf5 55. a4 a6 56. Rh8 Rh6 57. Rc8+ Kd7 58. Rc5 Ne7 59. a5 h3 60. b5 h2 61. b6 Nc6 62. Rxd5+ Ke6 0-1